01001pam a2200277 a 4500001000500000005001700005008004100022020001700063040002300080050002200103082001200125100002300137245004700160250001200207260003400219300003700253505000800290520023700298521002000535521002000555650002500575650002000600650003500620650004600655650002200701125920230828133637.0830323s1983 nyu j 000 1 eng  a078073003990 aDLCcDLCdDLCbeng00aPZ7.W933bDo 198300aFic2191 aWright, Betty Ren.14aThe dollhouse murders /cBetty Ren Wright. a1st ed. aNew York :bScholasticc1983. a149 pagesc20 cm.bIllustrations aR  aA dollhouse filled with a ghostly light in the middle of the night and dolls that have moved from where she last left them lead Amy and her retarded sister to unravel the mystery surrounding grisly murders that took place years ago. a670 bLexile  aR bRaz-Plus  1aDollhousesxFiction. 1aDollsxFiction. 1aMystery and detective stories. 1aPeople with mental disabilitiesvFiction. 1aSistersxFiction.